000 00349nam a22001217a 4500
008 180606b xxu||||| |||| 00| 0 eng d
041 _aeng
080 _a043.3
100 _a0
101 _aMBE-MTH
245 _aImpact of investment promotion agency and fiscal policy on attraction of foreign direct investment in Kosova
_cMeta,A
942 _2udc
_cBK
999 _c46495
_d46495